Studies in educational psychology (Record no. 2087)

MARC details
000 -LEADER
fixed length control field 00528cam a2200205ua 4500
001 - CONTROL NUMBER
control field 2222
005 - DATE AND TIME OF LATEST TRANSACTION
control field 20260515113448.0
008 - FIXED-LENGTH DATA ELEMENTS--GENERAL INFORMATION
fixed length control field 111126n ii |||gr||||Z||||||eng
040 ## - CATALOGING SOURCE
Transcribing agency MAIN
082 ## - DEWEY DECIMAL CLASSIFICATION NUMBER
Classification number 370.15
100 ## - MAIN ENTRY--PERSONAL NAME
Personal name Sarkar,
Relator term Editor.
245 1# - TITLE STATEMENT
Title Studies in educational psychology
Statement of responsibility, etc. by Sarkar & Mitra
250 ## - EDITION STATEMENT
Edition statement 1st.
260 ## - PUBLICATION, DISTRIBUTION, ETC.
Place of publication, distribution, etc. Calcutta:
Name of publisher, distributor, etc. Bhabani publishing concern.
300 ## - PHYSICAL DESCRIPTION
Extent 220p:
Dimensions 23cm.
653 ## - INDEX TERM--UNCONTROLLED
Uncontrolled term Education
653 ## - INDEX TERM--UNCONTROLLED
Uncontrolled term Studies in educational psychology
700 ## - ADDED ENTRY--PERSONAL NAME
Personal name Mitra,
Relator term Editor.
942 ## - ADDED ENTRY ELEMENTS (KOHA)
Koha item type Books
Holdings
Withdrawn status Lost status Damaged status Not for loan Home library Current library Shelving location Date acquired Total checkouts Full call number Barcode Date last seen Copy number Price effective from Koha item type
        Naharkatiya College Library Naharkatiya College Library General stacks 09/19/2020   370.15 | STU 11800 09/19/2020 1 09/19/2020 Books